| 000 | 01130 a2200349 4500 | ||
|---|---|---|---|
| 005 | 20250828104800.0 | ||
| 008 | 250828b |||||||| |||| 00| 0 eng d | ||
| 022 | _a16845315 | ||
| 041 | _aEn | ||
| 044 | _aCIV | ||
| 090 | _bDG/A/1651 | ||
| 100 | _a GUIRAUD, Honorine Brigitte | ||
| 100 | _a GOGBE-DIBI, FranoĢise | ||
| 100 | _a | ||
| 100 | _a | ||
| 100 | _aKOTAIX, Jacques Alain | ||
| 110 | _aCentre National de Recherche Agronomique | ||
| 110 | _bCote d'Ivoire | ||
| 245 | _aGenetic diversity of isolates of swollen shoot-baadnavirus detected in tolerant and sensitivie cocoa trees (Theobroma cacao L.) in Cote d'Ivoire | ||
| 260 | _aAfrican Journal of Biotechnology | ||
| 260 | _bCentre National de Recherche Agronomoique | ||
| 302 | _a p.72-80, | ||
| 388 | _a2025-08-28 | ||
| 650 |
_2AGROVOC _gCote d'Ivoire |
||
| 650 | _gTheobroma cacao L. | ||
| 650 | _gMaladie | ||
| 650 | _gVirus | ||
| 650 | _gPousses gonflees | ||
| 650 | _gbadnavirus | ||
| 650 | _gtolerance, | ||
| 856 | _uhttps://ftech.byethost7.com/wp-content/uploads/2025/08/DGA1651.pdf | ||
| 999 |
_c5972 _d5972 |
||